2014 Resoconto Annuale Il vostro Otto per Mille noi l'abbiamo speso così

Uloženo v:
Podrobná bibliografie
Korporativní autor: Chiesa Valdese
Médium: Kniha
Jazyk:angličtina
Vydáno: Chiesa Valdese
Tagy: Přidat tag
Žádné tagy, Buďte první, kdo vytvoří štítek k tomuto záznamu!

MARC

LEADER 00000nam a2200000 4500
005 20241016191515.0
008 241016b |||||||| |||| 00| 0 eng d
040 |c GP 
110 |a Chiesa Valdese 
245 |a 2014 Resoconto Annuale  |b Il vostro Otto per Mille noi l'abbiamo speso così 
260 |b Chiesa Valdese 
942 |2 ddc  |c BK  |n 0 
952 |0 0  |1 0  |2 ddc  |4 0  |6 284_400000000000000_VAL  |7 1  |9 2142  |a RM  |b RM  |d 2024-10-16  |l 0  |o 284.4 VAL  |p 756  |r 2024-10-16 19:15:32  |w 2024-10-16  |y BK 
999 |c 1884  |d 1884